00633nas a2200193 4500001001000000003000400010005001700014008004100031040002500072043000900097110005200106245004400158260004700202300001700249310001600266362003500282500006300317500005900380000037159DLC20200930080158.0120220c19539999dr ur1p dd 0 0spa d aDO-SdBNPbspacBNPHU anwdr1 aRepública Dominicana :bCámara de Diputados00aBolentín de la Cámara de Diputados. aCiudad Trujillo, República Dominicana :. av. ;c30 cm. aDesconocido1 aNo. 277 . período 1952- 1957 aCatalogación basada en el No. 277 . período 1952- 1957 aSecciones selebradas durante el mes de octubre de 1953